| 000 | 01535nam0a2200325 4500 | ||
|---|---|---|---|
| 001 | RU\NLR\bibl\943635 | ||
| 005 | 20260608063145.0 | ||
| 010 |
_a5-8112-1834-6 _95000 |
||
| 021 |
_aRU _b2006-19299 _9964 |
||
| 035 | _a(NLR Aleph) 000931783 | ||
| 090 |
_a164513 _c164513 |
||
| 100 | _a20060504d2006 |||y0rusy50 ca | ||
| 101 | 0 |
_arus _aeng _eeng |
|
| 102 | _aRU | ||
| 105 | _aa ||||||||| | ||
| 200 | 1 |
_aАлиса в Стране Чудес _e[для изучающих английский язык] _fЛьюис Кэрролл _g[адаптация текста, коммент., словарь Г.К. Магидсон-Степановой _gупражнения Е.В. Кошмановой] |
|
| 210 |
_aМосква _cАйрис-Пресс _d2006 |
||
| 215 |
_a147, [1] с. _cил. _d21 |
||
| 225 | 1 |
_aАнглийский клуб _iElementary |
|
| 225 | 1 | _aДомашнее чтение | |
| 300 | _aНа 4-й с. обл. авт.: Льюис Кэрролл (псевд. математика Чарлза Доджсона) | ||
| 606 | 1 |
_aАнглийский язык _jУчебные издания _9972309 _3RU\NLR\auth\6646032 |
|
| 686 | _aШ143.21-93рус91 | ||
| 700 | 1 |
_4070 _7ca _8rus _aКэрролл _bЛ. _f1832-1898 _gЛьюис _9120364 _3RU\NLR\auth\7710596 |
|
| 702 | 1 |
_4010 _7ca _8rus _aМагидсон-Степанова _bГ. К. _gГалина Константиновна _9121184 _3RU\NLR\auth\7711438 |
|
| 801 | 0 |
_aRU _bNLR _c20060504 _grcr |
|
| 801 | 1 |
_aRU _bNLR _c20060504 |
|
| 942 | _cBOOK | ||
| 980 | _aNB | ||